000 00443nam a2200181Ia 4500
001 18674
005 20260306171648.0
008 260306s9999||||xx |||||||||||||| ||und||
041 _aESP
082 _a658.45
_bL12
100 _aFernández Collado, Carlos
_eAUT
245 0 _aLa comunicación en las organizaciones
260 _c2006
300 _a272 páginas :
_c23 cm.
650 _aGEN
654 _aCAN
942 _cLIB
_dJUS
_fJUS
_2ddc
_n
999 _c18674
_d18674